[Event "Quebec-ch intercoll."]
[Site "Quebec CAN"]
[Date "1998.04.11"]
[Round "4"]
[White "Vivier, Christian"]
[Black "Soudre, Nicolas"]
[Result "1/2-1/2"]
[WhiteElo "1717"]
[BlackElo "2045"]
[PlyCount "44"]
[GameId "2160767911873552"]
[EventDate "1998.04.10"]
[EventType "swiss"]
[EventRounds "6"]
[EventCountry "CAN"]

1. e4 e6 2. d4 d5 3. Nd2 dxe4 4. Nxe4 Nd7 5. Nf3 Ngf6 6. Nxf6+ Nxf6 7. Bd3 Be7 8. O-O O-O 9. Bg5 h6 10. Bh4 b6 11. Bxf6 Bxf6 12. Be4 Ba6 13. Bxa8 Bxf1 14. Qxf1 Qxa8 15. Qc4 Qb7 16. c3 Rd8 17. Re1 Rd5 18. Qa4 c5 19. dxc5 Rxc5 20. Qe4 Qxe4 21. Rxe4 Rd5 22. Kf1 Kf8 1/2-1/2

[Event "Quebec-ch intercoll."]
[Site "Quebec CAN"]
[Date "1998.04.11"]
[Round "4"]
[White "Yaiche, Aniss"]
[Black "Coulon, Dominic"]
[Result "0-1"]
[WhiteElo "1354"]
[BlackElo "1614"]
[PlyCount "54"]
[GameId "2160767911873553"]
[EventDate "1998.04.10"]
[EventType "swiss"]
[EventRounds "6"]
[EventCountry "CAN"]

1. e4 e6 2. d3 d5 3. Nd2 c5 4. g3 Nc6 5. Bg2 Nf6 6. Ngf3 Be7 7. O-O Qc7 8. a4 d4 9. Nc4 e5 10. Nh4 Be6 11. b3 O-O-O 12. h3 Nd7 13. Nf5 Bf8 14. f4 g6 15. Nh4 f6 16. a5 Kb8 17. Nf3 Bg7 18. Bd2 Rdg8 19. Be1 h6 20. Na3 Nb4 21. Nb5 Qc6 22. c4 dxc3 23. Nxc3 Qd6 24. fxe5 fxe5 25. Nh4 Bf6 26. Nb5 Qa6 27. Bc3 Bxh4 0-1

[Event "Quebec-ch intercoll."]
[Site "Quebec CAN"]
[Date "1998.04.12"]
[Round "5"]
[White "Bergeron, Michel"]
[Black "Guerrera, Bruno"]
[Result "0-1"]
[WhiteElo "1511"]
[BlackElo "1502"]
[PlyCount "48"]
[GameId "2160767911873555"]
[EventDate "1998.04.10"]
[EventType "swiss"]
[EventRounds "6"]
[EventCountry "CAN"]

1. f4 d5 2. b3 c5 3. e3 Nc6 4. Bb5 Bd7 5. Bb2 a6 6. Bxc6 Bxc6 7. Nf3 Qc7 8. O-O f6 9. d3 e6 10. Nbd2 Ne7 11. a4 O-O-O 12. c4 Nf5 13. Qe1 Bd6 14. cxd5 exd5 15. g4 Nh6 16. g5 Nf5 17. d4 Rde8 18. dxc5 Bxf4 19. e4 dxe4 20. Nd4 Bxh2+ 21. Kh1 Nxd4 22. Bxd4 e3+ 23. Nf3 Bg3 24. gxf6 Bxf3+ 0-1

[Event "Quebec-ch intercoll."]
[Site "Quebec CAN"]
[Date "1998.04.12"]
[Round "5"]
[White "Coulon, Dominic"]
[Black "Bergeron, Richard"]
[Result "1-0"]
[WhiteElo "1614"]
[BlackElo "1856"]
[PlyCount "67"]
[GameId "2160767911873556"]
[EventDate "1998.04.10"]
[EventType "swiss"]
[EventRounds "6"]
[EventCountry "CAN"]

1. e4 c5 2. Nf3 d6 3. d4 cxd4 4. Nxd4 Nf6 5. Nc3 g6 6. Be3 Bg7 7. Be2 Nc6 8. O-O Bd7 9. f3 O-O 10. g4 Qb6 11. Qd2 Nxg4 12. Nd5 Bxd4 13. fxg4 Bxe3+ 14. Qxe3 Qxe3+ 15. Nxe3 Rac8 16. c3 Kg7 17. Rf2 Ne5 18. Raf1 h6 19. Nd5 Bxg4 20. Bxg4 Nxg4 21. Rf4 Ne5 22. Nxe7 Rc5 23. Rf6 Re8 24. Nd5 Re6 25. R6f4 g5 26. Rf5 Rc4 27. Nf6 Kg6 28. b3 Rxc3 29. Nd5 Rc2 30. h4 Ng4 31. Rxf7 Rxe4 32. hxg5 hxg5 33. Ne7+ Kh5 34. Ng8 1-0

[Event "Quebec-ch intercoll."]
[Site "Quebec CAN"]
[Date "1998.04.12"]
[Round "5"]
[White "Gonthier-Brazeau, Philippe"]
[Black "Bergeron, Dominic"]
[Result "1-0"]
[WhiteElo "1416"]
[BlackElo "1529"]
[PlyCount "115"]
[GameId "2160767911873557"]
[EventDate "1998.04.10"]
[EventType "swiss"]
[EventRounds "6"]
[EventCountry "CAN"]

1. e4 g6 2. d4 Bg7 3. c4 d6 4. Nf3 Nf6 5. Nc3 e5 6. d5 Nbd7 7. Be3 Ng4 8. Qd2 Nxe3 9. Qxe3 a6 10. Be2 h5 11. O-O Nc5 12. Qd2 Bd7 13. h3 b5 14. b4 Nb7 15. cxb5 a5 16. bxa5 Rxa5 17. a4 Nc5 18. Qb2 Qa8 19. Qb4 Qa7 20. Nd2 Bh6 21. Nc4 Nb7 22. Nxa5 Nxa5 23. Nd1 Bf4 24. Nb2 g5 25. Nc4 Nxc4 26. Bxc4 g4 27. b6 Qb8 28. Bb5 cxb6 29. Bxd7+ Kxd7 30. h4 g3 31. fxg3 Be3+ 32. Kh1 Ke7 33. Rf3 Bc5 34. Qd2 Rg8 35. Raf1 Rg7 36. Qh6 Qg8 37. Qxh5 Rh7 38. Qf5 Bd4 39. Kh2 Bc5 40. Kh3 Rg7 41. h5 Bg1 42. Rxg1 Rg5 43. Qxf7+ Qxf7 44. Rxf7+ Kxf7 45. g4 Rg8 46. Rb1 Rb8 47. a5 b5 48. g5 b4 49. Rb3 Rb5 50. a6 Rb6 51. a7 Ra6 52. Rxb4 Rxa7 53. Kg4 Kg7 54. Rb3 Ra4 55. Kf5 Ra2 56. Rb7+ Kf8 57. Kg6 Rxg2 58. h6 1-0

[Event "Quebec-ch intercoll."]
[Site "Quebec CAN"]
[Date "1998.04.12"]
[Round "5"]
[White "Lemay, David"]
[Black "Yaiche, Aniss"]
[Result "1/2-1/2"]
[WhiteElo "1500"]
[BlackElo "1354"]
[PlyCount "67"]
[GameId "2160767911873558"]
[EventDate "1998.04.10"]
[EventType "swiss"]
[EventRounds "6"]
[EventCountry "CAN"]

1. d4 d5 2. c4 e6 3. Nc3 c6 4. e3 Nf6 5. Nf3 Bd6 6. Bd3 O-O 7. Qc2 Nbd7 8. O-O dxc4 9. Bxc4 b5 10. Bd3 Bb7 11. Rd1 Qe7 12. b3 a6 13. Bb2 c5 14. Ng5 Bxh2+ 15. Kh1 cxd4 16. exd4 h6 17. Nh7 Nxh7 18. Bxh7+ Kh8 19. Kxh2 Qh4+ 20. Kg1 Nf6 21. Bf5 exf5 22. Qxf5 Ng4 23. Qf4 g5 24. Qg3 Qxg3 25. fxg3 Kg8 26. Re1 Rfe8 27. Rad1 Ne3 28. Rd2 Nxg2 29. Rxe8+ Rxe8 30. Rxg2 Bxg2 31. Kxg2 f5 32. Kf2 Kf7 33. Nd5 Rc8 34. Nc3 1/2-1/2

[Event "Quebec-ch intercoll."]
[Site "Quebec CAN"]
[Date "1998.04.12"]
[Round "5"]
[White "Marcone, Malcom"]
[Black "Vivier, Christian"]
[Result "1-0"]
[WhiteElo "1571"]
[BlackElo "1717"]
[PlyCount "100"]
[GameId "2160767911873559"]
[EventDate "1998.04.10"]
[EventType "swiss"]
[EventRounds "6"]
[EventCountry "CAN"]

1. e4 c6 2. d4 d5 3. exd5 cxd5 4. c4 Nf6 5. c5 Nc6 6. Bb5 Bd7 7. Nc3 e6 8. Bxc6 Bxc6 9. b4 a6 10. a4 b6 11. Nf3 bxc5 12. bxc5 Nd7 13. Bf4 Be7 14. O-O O-O 15. Re1 Qc8 16. Rc1 Bd8 17. Qd3 Re8 18. Nb5 axb5 19. axb5 Bxb5 20. Qxb5 Ra5 21. Qb2 Qc6 22. Rb1 Bc7 23. Bxc7 Qxc7 24. Qb7 Ra7 25. Qxc7 Rxc7 26. Rb5 Kf8 27. Reb1 Ke7 28. Rb7 Rec8 29. Kf1 Rxb7 30. Rxb7 Kd8 31. Ng5 Ke7 32. Nxf7 Kxf7 33. Rxd7+ Kf6 34. Ke2 e5 35. dxe5+ Kxe5 36. Rxg7 Rxc5 37. Kd3 Ra5 38. Re7+ Kd6 39. Rxh7 Ra3+ 40. Ke2 Ke5 41. Re7+ Kd4 42. h4 Ra2+ 43. Kf3 Ra8 44. g4 Rf8+ 45. Kg3 Kd3 46. Rd7 d4 47. g5 Ke4 48. g6 d3 49. Re7+ Kd5 50. f4 Rg8 1-0

[Event "Quebec-ch intercoll."]
[Site "Quebec CAN"]
[Date "1998.04.12"]
[Round "5"]
[White "Papineau (Granby), Daniel"]
[Black "Manriquez, David"]
[Result "1-0"]
[WhiteElo "1460"]
[BlackElo "1533"]
[PlyCount "63"]
[GameId "2160767911873560"]
[EventDate "1998.04.10"]
[EventType "swiss"]
[EventRounds "6"]
[EventCountry "CAN"]

1. e4 e5 2. Nf3 Nc6 3. Bc4 Bc5 4. O-O h6 5. c3 d6 6. d4 exd4 7. cxd4 Bb6 8. h3 Nge7 9. Nc3 O-O 10. Be3 Na5 11. Bd3 d5 12. Rc1 dxe4 13. Nxe4 Nd5 14. Nc5 Re8 15. Qd2 Nxe3 16. fxe3 Nc6 17. Bb1 Ne7 18. Qf2 Nd5 19. Rfe1 Qf6 20. Ne4 Qe7 21. Ne5 f6 22. Ng6 Qf7 23. Nf4 Be6 24. Nc5 Bxc5 25. Rxc5 b6 26. Rcc1 Rad8 27. Bg6 Qe7 28. Bxe8 Rxe8 29. Nxe6 Qxe6 30. e4 Nb4 31. Rxc7 Nd3 32. Qg3 1-0

[Event "Quebec-ch intercoll."]
[Site "Quebec CAN"]
[Date "1998.04.12"]
[Round "5"]
[White "Pescarus, Dana"]
[Black "Bolduc, Olivier"]
[Result "1-0"]
[WhiteElo "1558"]
[BlackElo "1490"]
[PlyCount "105"]
[GameId "2160767911873561"]
[EventDate "1998.04.10"]
[EventType "swiss"]
[EventRounds "6"]
[EventCountry "CAN"]

1. c4 e5 2. Nc3 Nf6 3. e4 Nc6 4. g3 g6 5. Bg2 Bg7 6. Nge2 d6 7. d3 Be6 8. O-O O-O 9. a3 Qd7 10. Re1 Bg4 11. f3 Be6 12. Be3 Ne7 13. b4 Rad8 14. Nd5 c6 15. Nxf6+ Bxf6 16. Bxa7 d5 17. c5 Ra8 18. Bb6 Ra6 19. Qc2 Rfa8 20. Ba5 Nc8 21. Rec1 Bd8 22. Bxd8 Qxd8 23. a4 b6 24. f4 Ne7 25. fxe5 bxc5 26. bxc5 dxe4 27. Bxe4 Nd5 28. Nf4 Ne3 29. Qe2 Qd4 30. Kh1 Bb3 31. Qf3 Rxa4 32. Rxa4 Rxa4 33. Ne2 Qxe5 34. Qxe3 f5 35. d4 Qxe4+ 36. Qxe4 fxe4 37. Kg1 Ra2 38. Kf2 Bc2 39. Nc3 Rb2 40. Ke3 Bd3 41. Nxe4 Bxe4 42. Kxe4 Re2+ 43. Kf3 Rxh2 44. Ra1 g5 45. Ra6 h5 46. Rxc6 g4+ 47. Kf4 Kf7 48. d5 Rf2+ 49. Kg5 Rd2 50. Rc7+ Ke8 51. d6 Rd5+ 52. Kf6 h4 53. Ke6 1-0

[Event "Quebec-ch intercoll."]
[Site "Quebec CAN"]
[Date "1998.04.12"]
[Round "5"]
[White "Simard, Francois"]
[Black "Forget, Eric"]
[Result "1-0"]
[WhiteElo "1665"]
[BlackElo "1518"]
[PlyCount "101"]
[GameId "2160767911873562"]
[EventDate "1998.04.10"]
[EventType "swiss"]
[EventRounds "6"]
[EventCountry "CAN"]

1. d4 d5 2. c4 e6 3. Nc3 Bb4 4. Nf3 Ne7 5. Bg5 Nbc6 6. e3 f6 7. Bf4 O-O 8. a3 Bd6 9. Bg3 b6 10. Bd3 Na5 11. Qc2 h6 12. cxd5 exd5 13. Bh7+ Kh8 14. Nh4 Bxg3 15. hxg3 f5 16. Bg6 Rf6 17. Bh5 c6 18. Qd1 g6 19. Be2 g5 20. Nf3 Nc4 21. b3 Nd6 22. Nxg5 Kg7 23. Nf3 Ne4 24. Nxe4 dxe4 25. Ne5 Ng6 26. f4 Rd6 27. Nxg6 Kxg6 28. Bc4 Qf6 29. Qh5+ Kg7 30. Qe8 Bb7 31. Qe5 b5 32. Qxf6+ Rxf6 33. Be2 a5 34. g4 Rg6 35. Rh4 fxg4 36. Rxg4 Bc8 37. Rxg6+ Kxg6 38. Kd2 Be6 39. Kc3 b4+ 40. Kb2 Rb8 41. axb4 Rxb4 42. Bd1 c5 43. dxc5 Rb5 44. c6 Rc5 45. Rc1 Rxc1 46. Kxc1 Kf6 47. Kb2 Ke7 48. Ka3 Kd6 49. Ka4 Kxc6 50. Kxa5 h5 51. g3 1-0

[Event "Quebec-ch intercoll."]
[Site "Quebec CAN"]
[Date "1998.04.12"]
[Round "5"]
[White "Soudre, Nicolas"]
[Black "Gratton, David"]
[Result "1-0"]
[WhiteElo "2045"]
[BlackElo "1502"]
[PlyCount "31"]
[GameId "2160767911873563"]
[EventDate "1998.04.10"]
[EventType "swiss"]
[EventRounds "6"]
[EventCountry "CAN"]

1. e4 c5 2. Nc3 e6 3. f4 d5 4. Nf3 Nc6 5. Bb5 Nge7 6. O-O a6 7. Bxc6+ Nxc6 8. a4 Be7 9. d3 b6 10. Qe1 Bb7 11. Qg3 d4 12. Ne2 Nb4 13. f5 exf5 14. Ne5 Bh4 15. Qxg7 Bf6 16. Qxf7# 1-0

[Event "Quebec-ch intercoll."]
[Site "Quebec CAN"]
[Date "1998.11.12"]
[Round "5"]
[White "Gravel, Simon jr"]
[Black "Dumoulin, Sylvain"]
[Result "1-0"]
[WhiteElo "1983"]
[BlackElo "1517"]
[PlyCount "71"]
[GameId "2160767911873564"]
[EventDate "1998.04.10"]
[EventType "swiss"]
[EventRounds "6"]
[EventCountry "CAN"]

1. d4 d5 2. c4 e6 3. Nc3 Nf6 4. Bg5 Nbd7 5. e3 c6 6. Nf3 Qa5 7. Nd2 Bb4 8. Qc2 Ne4 9. Ndxe4 dxe4 10. Bf4 g5 11. Bg3 f5 12. a3 O-O 13. f4 g4 14. Be2 Bxc3+ 15. Qxc3 Qxc3+ 16. bxc3 b6 17. h3 Ba6 18. hxg4 fxg4 19. Kd2 Nf6 20. Bh4 Kg7 21. Bg5 Rf7 22. Rh4 c5 23. Rah1 Rh8 24. Bxf6+ Rxf6 25. Rxg4+ Rg6 26. Rxg6+ Kxg6 27. Kc2 h5 28. Kb3 Rh7 29. Bd1 b5 30. cxb5 Bxb5 31. c4 Bc6 32. dxc5 h4 33. Bg4 a5 34. Bxe6 Rb7+ 35. Kc3 a4 36. Bd5 1-0

[Event "Quebec-ch intercoll."]
[Site "Quebec CAN"]
[Date "1998.04.12"]
[Round "6"]
[White "Bergeron, Richard"]
[Black "Desbiens, Dominick"]
[Result "0-1"]
[WhiteElo "1856"]
[BlackElo "1419"]
[PlyCount "66"]
[GameId "2160767911873566"]
[EventDate "1998.04.10"]
[EventType "swiss"]
[EventRounds "6"]
[EventCountry "CAN"]

1. e4 c5 2. Nf3 d6 3. d4 cxd4 4. Nxd4 Nf6 5. Nc3 e6 6. Be3 a6 7. Be2 Be7 8. O-O O-O 9. Qd2 Qc7 10. f4 Nc6 11. a4 Rd8 12. Bf3 Ne5 13. fxe5 dxe5 14. Ndb5 axb5 15. Nxb5 Qa5 16. Qf2 Nd7 17. c3 Rf8 18. Rfd1 Ra6 19. Rd2 Qxb5 20. axb5 Rxa1+ 21. Rd1 Rxd1+ 22. Bxd1 Nf6 23. Qc2 Bd7 24. Be2 Rc8 25. Qa4 Ne8 26. c4 f5 27. g3 Nd6 28. Bd3 fxe4 29. Be2 Nf5 30. Bb6 Nd4 31. Bf1 e3 32. Bg2 Bxb5 33. Qd1 e2 0-1

[Event "Quebec-ch intercoll."]
[Site "Quebec CAN"]
[Date "1998.04.12"]
[Round "6"]
[White "Dumoulin, Sylvain"]
[Black "Pescarus, Dana"]
[Result "1-0"]
[WhiteElo "1617"]
[BlackElo "1558"]
[PlyCount "99"]
[GameId "2160767911873567"]
[EventDate "1998.04.10"]
[EventType "swiss"]
[EventRounds "6"]
[EventCountry "CAN"]

1. e4 c5 2. Nc3 d6 3. g3 g6 4. Bg2 Bg7 5. d3 Nf6 6. f4 Nc6 7. Nf3 a6 8. O-O O-O 9. h3 Ne8 10. Ne2 e6 11. c3 f5 12. exf5 gxf5 13. d4 Nf6 14. dxc5 dxc5 15. Be3 Ne4 16. Ng5 Nxg5 17. fxg5 c4 18. Bxc6 bxc6 19. Qxd8 Rxd8 20. Rad1 Re8 21. Rd6 Rb8 22. Bc1 Bb7 23. Rfd1 Be5 24. Rd7 c5 25. Nf4 Bc6 26. Ra7 Bxf4 27. gxf4 Ra8 28. Rxa8 Rxa8 29. Rd6 Bd5 30. Be3 Kf7 31. Bxc5 Kg8 32. Bd4 Rb8 33. Rxa6 Rxb2 34. a4 Rg2+ 35. Kf1 Rg3 36. Rd6 Rxh3 37. Be5 Rh1+ 38. Kf2 Ra1 39. Rd8+ Kf7 40. Rd7+ Kg6 41. Rg7+ Kh5 42. Rxh7+ Kg4 43. g6 Rd1 44. g7 Rd2+ 45. Ke1 Ra2 46. g8=Q+ Kf3 47. Rh3+ Ke4 48. Qg3 Ra1+ 49. Kd2 Ra2+ 50. Kc1 1-0

[Event "Quebec-ch intercoll."]
[Site "Quebec CAN"]
[Date "1998.04.12"]
[Round "6"]
[White "Forget, Eric"]
[Black "Lemay, David"]
[Result "0-1"]
[WhiteElo "1518"]
[BlackElo "1500"]
[PlyCount "34"]
[GameId "2160767911873568"]
[EventDate "1998.04.10"]
[EventType "swiss"]
[EventRounds "6"]
[EventCountry "CAN"]

1. c4 e5 2. Nc3 Nf6 3. e3 d5 4. cxd5 Nxd5 5. Nxd5 Qxd5 6. Ne2 Bf5 7. d4 Nc6 8. dxe5 Qxd1+ 9. Kxd1 O-O-O+ 10. Bd2 Nxe5 11. Nd4 Bg6 12. a3 Bc5 13. Bc3 Nc6 14. Ke2 Nxd4+ 15. exd4 Bxd4 16. Bxd4 Rxd4 17. h3 Rd3 0-1

[Event "Quebec-ch intercoll."]
[Site "Quebec CAN"]
[Date "1998.04.12"]
[Round "6"]
[White "Gonthier-Brazeau, Philippe"]
[Black "Simard, Francois"]
[Result "0-1"]
[WhiteElo "1416"]
[BlackElo "1665"]
[PlyCount "90"]
[GameId "2160767911873569"]
[EventDate "1998.04.10"]
[EventType "swiss"]
[EventRounds "6"]
[EventCountry "CAN"]

1. e4 e5 2. Nf3 Nc6 3. Bb5 a6 4. Ba4 Nf6 5. O-O d6 6. c3 Nxe4 7. Re1 Ng5 8. d4 Nxf3+ 9. Qxf3 Bd7 10. dxe5 dxe5 11. Bxc6 Bxc6 12. Rxe5+ Be7 13. Qe2 f6 14. Re3 Kf7 15. Nd2 Bc5 16. Rh3 Qd5 17. Qh5+ g6 18. Qxd5+ Bxd5 19. c4 Be6 20. Ne4 Bxh3 21. Nxc5 Bc8 22. Bf4 c6 23. Na4 Be6 24. c5 Bd5 25. Nc3 Rae8 26. a3 Bb3 27. Be3 h5 28. h4 Re5 29. Bd4 Rhe8 30. Bxe5 Rxe5 31. g3 Rxc5 32. Re1 Re5 33. Rxe5 fxe5 34. Kf1 a5 35. Ke2 b5 36. Ke3 Ke6 37. f4 exf4+ 38. Kxf4 b4 39. axb4 axb4 40. Nb1 Kd5 41. Ke3 c5 42. Nd2 Ba4 43. b3 Bb5 44. Nb1 c4 45. bxc4+ Bxc4 0-1

[Event "Quebec-ch intercoll."]
[Site "Quebec CAN"]
[Date "1998.04.12"]
[Round "6"]
[White "Guerrera, Bruno"]
[Black "Bergeron, Dominic"]
[Result "0-1"]
[WhiteElo "1502"]
[BlackElo "1529"]
[PlyCount "68"]
[GameId "2160767911873570"]
[EventDate "1998.04.10"]
[EventType "swiss"]
[EventRounds "6"]
[EventCountry "CAN"]

1. e4 g6 2. d4 Bg7 3. c3 d6 4. Bc4 Nf6 5. Bd3 c5 6. Ne2 a6 7. O-O b5 8. h3 c4 9. Bc2 Bb7 10. Ng3 Nbd7 11. Re1 O-O 12. f3 Qc7 13. Be3 Rad8 14. Bf2 e5 15. d5 Nc5 16. Kh1 Bc8 17. b4 cxb3 18. axb3 Bb7 19. b4 Ncd7 20. Qd3 Nb6 21. Bxb6 Qxb6 22. Bb3 Qf2 23. Rc1 Qxg3 24. c4 bxc4 25. Bxc4 Rc8 26. Qe2 Rc7 27. Nd2 Rfc8 28. Nb3 Qg5 29. Qf1 Nh5 30. Kg1 Qe3+ 31. Kh2 Bh6 32. Na5 Bf4+ 33. g3 Nxg3 34. Qg2 Nxe4+ 0-1

[Event "Quebec-ch intercoll."]
[Site "Quebec CAN"]
[Date "1998.04.12"]
[Round "6"]
[White "Marcone, Malcom"]
[Black "Soudre, Nicolas"]
[Result "1/2-1/2"]
[WhiteElo "1571"]
[BlackElo "2045"]
[PlyCount "55"]
[GameId "2160767911873571"]
[EventDate "1998.04.10"]
[EventType "swiss"]
[EventRounds "6"]
[EventCountry "CAN"]

1. e4 e6 2. d3 d5 3. Nd2 Nf6 4. g3 b6 5. Bg2 Bb7 6. Qe2 Nc6 7. c3 dxe4 8. dxe4 a5 9. Ngf3 Ba6 10. c4 e5 11. O-O Bd6 12. b3 O-O 13. Rd1 Bc8 14. h3 a4 15. Bb2 Qe7 16. Nf1 Be6 17. Nh4 a3 18. Bc3 Bb4 19. Bxb4 Qxb4 20. Nf5 g6 21. N5e3 Nd4 22. Qd2 Qxd2 23. Nxd2 c6 24. Kh2 Rfd8 25. Nf3 Nxf3+ 26. Bxf3 Kf8 27. Rxd8+ Rxd8 28. Rd1 1/2-1/2

[Event "Quebec-ch intercoll."]
[Site "Quebec CAN"]
[Date "1998.04.12"]
[Round "6"]
[White "Vivier, Christian"]
[Black "Coulon, Dominic"]
[Result "1-0"]
[WhiteElo "1717"]
[BlackElo "1614"]
[PlyCount "87"]
[GameId "2160767911873572"]
[EventDate "1998.04.10"]
[EventType "swiss"]
[EventRounds "6"]
[EventCountry "CAN"]

1. e4 e6 2. d4 d5 3. Nd2 dxe4 4. Nxe4 Nd7 5. Nf3 Ngf6 6. Nxf6+ Nxf6 7. Bf4 Bd7 8. Bd3 Bd6 9. Ne5 Qe7 10. O-O O-O-O 11. Qf3 Bxe5 12. dxe5 Nd5 13. Bd2 Bc6 14. Be4 Qe8 15. Rad1 Ne7 16. Bg5 Rxd1 17. Rxd1 Bxe4 18. Qxe4 Nc6 19. f4 h6 20. Bh4 Rg8 21. Qe3 g5 22. fxg5 Qe7 23. c3 hxg5 24. Bg3 Rd8 25. Rxd8+ Qxd8 26. Kf2 Qd5 27. Qxg5 Qxa2 28. Qd2 Qd5 29. Qxd5 exd5 30. h4 Kd7 31. h5 Ke6 32. Bf4 Ne7 33. Bg5 Ng8 34. h6 Nxh6 35. Bxh6 Kxe5 36. Ke3 c5 37. g4 Kd6 38. Bf4+ Ke6 39. Bb8 a6 40. Ba7 Kd6 41. Kf4 b5 42. Kf5 b4 43. cxb4 cxb4 44. Bd4 1-0

[Event "Quebec-ch intercoll."]
[Site "Quebec CAN"]
[Date "1998.04.12"]
[Round "6"]
[White "Yaiche, Aniss"]
[Black "Bolduc, Olivier"]
[Result "1-0"]
[WhiteElo "1354"]
[BlackElo "1490"]
[PlyCount "41"]
[GameId "2160767911873573"]
[EventDate "1998.04.10"]
[EventType "swiss"]
[EventRounds "6"]
[EventCountry "CAN"]

1. e4 e5 2. Nf3 Nc6 3. d4 exd4 4. Bc4 d6 5. c3 Nf6 6. O-O Be7 7. Re1 O-O 8. h3 dxc3 9. Nxc3 Ne5 10. Bb3 Bd7 11. Nd4 Re8 12. f4 Nc6 13. Be3 Nxd4 14. Bxd4 Bc6 15. Qd3 Nd7 16. Rad1 Nc5 17. Bxc5 dxc5 18. Qc4 Qc8 19. Qxf7+ Kh8 20. Re3 Bf8 21. Qg8# 1-0

[Event "Quebec-ch w"]
[Site "Montreal CAN"]
[Date "1998.06.26"]
[Round "1"]
[White "Charest, Johanne"]
[Black "Fortin, Frederique"]
[Result "1-0"]
[WhiteElo "1882"]
[BlackElo "1383"]
[PlyCount "71"]
[GameId "2160767911872838"]
[EventDate "1998.06.26"]
[EventType "swiss"]
[EventRounds "5"]
[EventCountry "CAN"]

1. e4 e6 2. d4 d5 3. e5 c5 4. c3 Nc6 5. Nf3 Qb6 6. Bd3 Bd7 7. O-O cxd4 8. cxd4 Nb4 9. Nc3 Nxd3 10. Qxd3 Ne7 11. a3 Nf5 12. Rd1 Rc8 13. Qe2 Rc4 14. Qd3 Be7 15. Rb1 O-O 16. g4 Nh4 17. Nxh4 Bxh4 18. g5 f6 19. exf6 gxf6 20. g6 f5 21. b3 Rcc8 22. Na4 Qd8 23. gxh7+ Kxh7 24. Nc5 Rg8+ 25. Kh1 b6 26. Nxd7 Qxd7 27. Qh3 Qe7 28. Bf4 Kg6 29. Rg1+ Kf7 30. Rxg8 Rxg8 31. Rc1 Bxf2 32. Qh5+ Rg6 33. Rc7 Qxc7 34. Bxc7 Kf6 35. Be5+ Kf7 36. Qh7+ 1-0

[Event "Quebec-ch w"]
[Site "Montreal CAN"]
[Date "1998.06.26"]
[Round "1"]
[White "Khaziyeva, Dinara"]
[Black "Asselin, Josee"]
[Result "1-0"]
[WhiteElo "1560"]
[BlackElo "972"]
[PlyCount "57"]
[GameId "2160767911872839"]
[EventDate "1998.06.26"]
[EventType "swiss"]
[EventRounds "5"]
[EventCountry "CAN"]

1. e4 e6 2. d4 d5 3. e5 c5 4. c3 Nc6 5. Nf3 cxd4 6. cxd4 Be7 7. Nc3 Bd7 8. Be3 f6 9. Bd3 Qb6 10. O-O Nb4 11. Bb1 Bb5 12. Nxb5 Qxb5 13. Nh4 O-O-O 14. Qg4 g5 15. Qxe6+ Qd7 16. Qxd7+ Rxd7 17. Nf3 Nh6 18. exf6 Bxf6 19. Nxg5 Nc6 20. Nf3 Nf7 21. Bf5 Nd6 22. Bxd7+ Kxd7 23. Rfd1 Nc4 24. Bc1 Re8 25. b3 Nd6 26. Bb2 Nf5 27. Ne5+ Bxe5 28. dxe5 Nxe5 29. Rxd5+ 1-0

[Event "Quebec-ch w"]
[Site "Montreal CAN"]
[Date "1998.06.26"]
[Round "1"]
[White "Luraschi, Julia"]
[Black "Mongeau, Diane"]
[Result "1-0"]
[WhiteElo "1256"]
[BlackElo "1861"]
[PlyCount "69"]
[GameId "2160767911872840"]
[EventDate "1998.06.26"]
[EventType "swiss"]
[EventRounds "5"]
[EventCountry "CAN"]

1. e4 c5 2. Nf3 g6 3. d4 Bg7 4. Nc3 Qa5 5. Be2 Nf6 6. O-O cxd4 7. Nxd4 Nc6 8. Nb3 Qd8 9. Bg5 O-O 10. Qd2 d6 11. Rad1 Be6 12. h4 h5 13. Bh6 Rc8 14. Bxg7 Kxg7 15. Nd5 Nxe4 16. Qf4 Bxd5 17. Rxd5 Nf6 18. Rb5 b6 19. Nd2 Ne5 20. Ne4 Nxe4 21. Qxe4 Rc5 22. Rb3 Qa8 23. Qd4 Qd5 24. c3 f6 25. Qe3 Qf7 26. Qg3 Nc4 27. Rb4 b5 28. a4 a5 29. Rxb5 Rxb5 30. axb5 Nxb2 31. Bxh5 Rb8 32. Be2 Qb3 33. h5 g5 34. Qe3 e5 35. Qa7+ 1-0

[Event "Quebec-ch w"]
[Site "Montreal CAN"]
[Date "1998.06.26"]
[Round "1"]
[White "Trottier, Julie"]
[Black "Dauphinais, Sophie"]
[Result "1-0"]
[WhiteElo "1669"]
[BlackElo "1135"]
[PlyCount "45"]
[GameId "2160767911872841"]
[EventDate "1998.06.26"]
[EventType "swiss"]
[EventRounds "5"]
[EventCountry "CAN"]

1. d4 e6 2. c4 Nf6 3. Nc3 d5 4. Bg5 Be7 5. e3 Nc6 6. Nf3 Bd7 7. Bd3 O-O 8. O-O Re8 9. Rc1 b6 10. Bxf6 Bxf6 11. cxd5 exd5 12. Nxd5 Bg4 13. Bb5 Re6 14. Nf4 Rd6 15. Bxc6 Rxc6 16. Rxc6 Qe7 17. Nd5 Qe4 18. Nxf6+ gxf6 19. Rxf6 Kg7 20. Rf4 Qe6 21. d5 Qd7 22. Qd4+ f6 23. Qxf6+ 1-0

[Event "Quebec-ch w"]
[Site "Montreal CAN"]
[Date "1998.06.27"]
[Round "2"]
[White "Fortin, Frederique"]
[Black "Dauphinais, Sophie"]
[Result "1-0"]
[WhiteElo "1383"]
[BlackElo "1135"]
[PlyCount "79"]
[GameId "2160767911872842"]
[EventDate "1998.06.26"]
[EventType "swiss"]
[EventRounds "5"]
[EventCountry "CAN"]

1. e4 e5 2. d4 exd4 3. c3 Nc6 4. cxd4 d6 5. Nc3 Nf6 6. Bb5 Bd7 7. Nf3 Be7 8. O-O O-O 9. Bf4 a6 10. Bd3 Bg4 11. Be2 b5 12. a3 Na7 13. b4 c6 14. Qc2 Re8 15. Rfd1 Nc8 16. e5 Nd5 17. Nxd5 cxd5 18. Qc6 Be6 19. Qxa8 Qb6 20. exd6 Nxd6 21. Bxd6 Rxa8 22. Bxe7 Re8 23. Bc5 Qc7 24. Re1 Bg4 25. h3 Bf5 26. Bxb5 Rd8 27. Bxa6 Be4 28. Nd2 Qf4 29. Nxe4 dxe4 30. b5 f5 31. b6 Ra8 32. Bc4+ Kh8 33. a4 Qd2 34. Bd5 Rb8 35. b7 Qa5 36. Rec1 g6 37. Bd6 Qxd5 38. Bxb8 Qxb7 39. Be5+ Kg8 40. a5 1-0

[Event "Quebec-ch w"]
[Site "Montreal CAN"]
[Date "1998.06.27"]
[Round "2"]
[White "Khaziyeva, Dinara"]
[Black "Trottier, Julie"]
[Result "1-0"]
[WhiteElo "1560"]
[BlackElo "1669"]
[PlyCount "107"]
[GameId "2160767911872843"]
[EventDate "1998.06.26"]
[EventType "swiss"]
[EventRounds "5"]
[EventCountry "CAN"]

1. e4 c5 2. Nf3 e6 3. d4 cxd4 4. Nxd4 Nf6 5. Nc3 Bb4 6. Bd3 Nc6 7. Nxc6 bxc6 8. Bd2 O-O 9. O-O Rb8 10. a3 Ba5 11. b4 Bc7 12. f4 e5 13. f5 d5 14. Bg5 dxe4 15. Bxe4 Qxd1 16. Raxd1 Bb6+ 17. Kh1 Nxe4 18. Nxe4 f6 19. Bh4 a5 20. c3 Ba6 21. Rfe1 Rfd8 22. Bf2 Bc7 23. Nc5 Bc4 24. Bg1 Kf7 25. Nd7 Rb5 26. Nc5 Rxd1 27. Rxd1 Ke8 28. h3 Bd8 29. Be3 Bd5 30. Kg1 Rb8 31. Rc1 Bb6 32. c4 Bf7 33. Kf2 axb4 34. axb4 Ra8 35. Rc3 Ra2+ 36. Kf3 Ba7 37. g4 Rb2 38. Nd3 Bxe3 39. Nxb2 Bd4 40. Rc2 Bxb2 41. Rxb2 Bxc4 42. h4 Ke7 43. Rb1 Kd6 44. Ra1 Ke7 45. Ra7+ Kf8 46. Ke3 Bf7 47. Rc7 Bd5 48. Rd7 Bf7 49. g5 Bd5 50. b5 Bg2 51. b6 c5 52. b7 Bxb7 53. Rxb7 fxg5 54. hxg5 1-0